| 000 | 00000nam##2200000za#4500 |
| 001 | 9.643192 |
| 003 | CaOODSP |
| 005 | 20210624224044 |
| 007 | cr ||||||||||| |
| 008 | 150407|1993||||xxc|||||o f|0| 0 fre|d |
| 040 | |aCaOODSP|bfre |
| 043 | |an-cn--- |
| 086 | 1 |aEn4-248/1993-1F-PDF |
| 110 | 1 |aCanada.|bEnvironnement Canada. |bRégion de l'Atlantique. |
| 245 | 10|aRelevons ensemble le défi. Volume I, : |h[ressource électronique]|bGuide de planification de l'environnement par les collectivités / |
| 260 | |aOttawa - Ontario : |bEnvironnement Canada. |c[1993]. |
| 300 | |a206p.|bfigures, glossaire, graphique, ill., tableaux |
| 500 | |aPour le volume II, voir En4-248/1993-2F-PDF. |
| 590 | |a14-21-Supp|b2014-12-11 |
| 691 | 07|aGestion de l'environnement|2gcpds |
| 691 | 07|aDéveloppement durable|2gcpds |
| 691 | 07|aProvinces atlantiques|2gcpds |
| 775 | 08|tSharing the challenge. Volume I, : |w(CaOODSP)9.699197 |
| 856 | 40|ahttp://publications.gc.ca|qPDF|s1.16 Mo|uhttps://publications.gc.ca/collections/collection_2014/ec/En4-248-1993-1-fra.pdf |